000 00547nam a22001337a 4500
082 _a823
_bGRI/F
100 _aGRISHAM, JOHN
245 _aTHE FIRM
260 _aUNITED STATES
_bISLAND
300 _a360
520 _aGrisham's gripping fiction debut describes the inner workings of a law firm set up by the Mafia to launder money and concoct tax evasions. Mitchell McDeere, third in his class at Harvard Law, is wooed relentlessly by the prestigious Memphis tax firm of Bendini, Lambert and Locke.
650 _aNOVEL
_zUNITED STATES
942 _cBK
999 _c3051
_d3051